Statistiken für Achttausender Berge nach Bildern

Klicken Sie hier um das Quiz zu spielen!

Allgemein

  • Dieses Quiz wurde 391 mal gespielt
  • Das Durchschnittsergebnis liegt bei 6 aus 14

Antwortstatistiken

Antwort% Korrekt
Mount Everest
97%
K2
94%
Lhotse
47%
Annapurna I
44%
Nanga Parbat
44%
Gasherbrum I
33%
Gasherbrum II
33%
Manaslu
30%
Cho Oyu
27%
Makalu
26%
Broad Peak
24%
Dhaulagiri
21%
Kangchendzönga
21%
Shishapangma
20%

Verteilung der Resultate

Perzentil nach korrekt beantworteten Fragen

Anzahl Personen mit jedem Resultat

Ihre Resultats-Entwicklung

Sie haben dieses Quiz noch nicht gespielt